000 00503nam a2200181Ia 4500
008 090124s9999 xx 000 0 und d
082 _b34737
100 _aफडणीस मदन
245 _a डायबेटिस
250 _a2
260 _bअनमोल प्रकाशन
_c1997
300 _a164
600 _aफडणीस मदन
630 _a डायबेटिस
700 _aफडणीस मदन
730 _a डायबेटिस
942 _cBOOK
999 _c100674
_d100674